Score 0/10 Timer 01:00
1 Play Today
% Correct
Wilson
93.8%
Kennedy
91.5%
Roosevelt
90.9%
Fillmore
85.9%
Bush
84.1%
Nixon
81.1%
Johnson
79.7%
Polk
66.5%
Hayes
64.4%
Reagan
56.2%

You're not logged in!

Compare scores with friends on all Sporcle quizzes.
OR
Log In

Sporcle TV

Today on Sporcle TV


Watch our educational content, quiz creation guides, and fun videos on Sporcle TV.

Show Comments

Extras

Top Quizzes Today


Score Distribution

Paid Content

Your Account Isn't Verified!

In order to create a playlist on Sporcle, you need to verify the email address you used during registration. Go to your Sporcle Settings to finish the process.

Report this User

Report this user for behavior that violates our Community Guidelines.

Details: